Central Library OPAC University of Rajshahi

101 things everyone should know about economics : (Record no. 31027)

MARC details
000 -LEADER
fixed length control field 01510nam a2200349 a 4500
001 - CONTROL NUMBER
control field 31027
003 - CONTROL NUMBER IDENTIFIER
rucl marc code BD-RjUL
005 - DATE AND TIME OF LATEST TRANSACTION
control field 20211209051642.0
008 - FIXED-LENGTH DATA ELEMENTS--GENERAL INFORMATION
fixed length control field 141030s2014 maua b 001 0 eng
020 ## - INTERNATIONAL STANDARD BOOK NUMBER
International Standard Book Number 9781440572715 (pbk : alk. paper)
International Standard Book Number 1440572712 (pbk : alk. paper)
Canceled/invalid ISBN 9781440572722 (e-book)
Canceled/invalid ISBN 1440572720 (e-book)
035 ## - SYSTEM CONTROL NUMBER
System control number (BD-RjUL)31114
040 ## - CATALOGING SOURCE
Original cataloging agency DLC
Language of cataloging eng
Transcribing agency DLC
Description conventions rda
Modifying agency BD-RjUL
041 ## - LANGUAGE CODE
Language code of text/sound track or separate title eng
082 00 - DEWEY DECIMAL CLASSIFICATION NUMBER
Classification number 330
Edition number 23
Author mark and year SAT 2014
100 1# - MAIN ENTRY--PERSONAL NAME
Personal name Sander, Peter J.
9 (RLIN) 113784
245 10 - TITLE STATEMENT
Title 101 things everyone should know about economics :
Remainder of title from securities and derivatives to interest rates and hedge funds, the basics of economics and what they mean for you /
Statement of responsibility, etc. Peter Sander, MBA.
246 3# - VARYING FORM OF TITLE
Title proper/short title One hundred one things everyone should know about economics
Title proper/short title A hundred one things everyone should know about economics
250 ## - EDITION STATEMENT
Edition statement 2nd Edition.
260 ## - PUBLICATION, DISTRIBUTION, ETC. (IMPRINT)
Place of publication, distribution, etc. Avon, Massachusetts :
Name of publisher, distributor, etc. Adams Media,
Date of publication, distribution, etc. 2014.
300 ## - PHYSICAL DESCRIPTION
Pagination 256 p. :
Illustrations ill. ;
Size 22 cm.
504 ## - BIBLIOGRAPHY, ETC. NOTE
Bibliography, etc Includes bibliographical references and index.
505 0# - FORMATTED CONTENTS NOTE
Formatted contents note Introduction -- The basics -- Economy and economic cycles -- Money, prices, and interest rates -- Banks and central banking -- Government and government programs -- Economic schools and tools -- Finance and financial markets -- Trade and international economics.
650 #0 - SUBJECT ADDED ENTRY--TOPICAL TERM
Topical term or geographic name as entry element Economics.
9 (RLIN) 113785
Topical term or geographic name as entry element Finance, Personal.
9 (RLIN) 113786
942 ## - ADDED ENTRY ELEMENTS (KOHA)
Source of classification or shelving scheme Dewey Decimal Classification
Koha item type Books
Holdings
Lost status Source of classification or shelving scheme Damaged status Not for loan Collection code Permanent Location Current Location Shelving location Date acquired Source of acquisition Cost, normal purchase price Total Checkouts Full call number Date last seen Copy number Koha item type
  Dewey Decimal Classification   Not For Loan Non-fiction Central Library, University of Rajshahi Central Library, University of Rajshahi Reading Room 22/07/2014 Chittagong, Battighar 855.00   330 SAT 2014 30/10/2014 C-1 Books